Public attitudes to access to the countryside (Record no. 109589)
[ view plain ]
| 000 -LEADER | |
|---|---|
| fixed length control field | 01468cad a22002415a 4500 |
| 001 - CONTROL NUMBER | |
| control field | E147504 |
| 008 - FIXED-LENGTH DATA ELEMENTS--GENERAL INFORMATION | |
| fixed length control field | 090519s2003 xxk f s000 0 eng d |
| 020 ## - INTERNATIONAL STANDARD BOOK NUMBER | |
| International Standard Book Number | 075593452X |
| 022 1# - INTERNATIONAL STANDARD SERIAL NUMBER | |
| International Standard Serial Number | 0950-2254 |
| 035 ## - SYSTEM CONTROL NUMBER | |
| System control number | (Sirsi) u147504 |
| 041 0# - LANGUAGE CODE | |
| Language code of text/sound track or separate title | eng |
| 050 04 - LIBRARY OF CONGRESS CALL NUMBER | |
| Classification number | 333.78 $2 18 |
| 110 2# - MAIN ENTRY--CORPORATE NAME | |
| Corporate name or jurisdiction name as entry element | NFO System Three |
| 9 (RLIN) | 4313 |
| 245 00 - TITLE STATEMENT | |
| Title | Public attitudes to access to the countryside |
| Medium | [electronic resource] |
| 260 ## - PUBLICATION, DISTRIBUTION, ETC. | |
| Place of publication, distribution, etc. | Edinburgh |
| Name of publisher, distributor, etc. | Scottish Executive |
| -- | Scottish Natural Heritage |
| Date of publication, distribution, etc. | 2003 |
| 505 2# - FORMATTED CONTENTS NOTE | |
| Formatted contents note | Summary -- Chapter one: background and introduction -- Chapter two: main results: frequency of taking part in open-air recreation in the countryside; motivations for visiting the countryside; activities undertaken; factors preventing participation; the current law of access; crossing different types of land; effects of legislation change; encouraging participation -- Chapter three: conclusions |
| 520 ## - SUMMARY, ETC. | |
| Summary, etc. | Presents the results of a survey which examined existing levels of access to the countryside in Scotland, the activities undertaken by visitors and the possible results of potential changes in legislation. Found considerable confusion amongst survey participants as to their rights of access to the countryside. |
| 521 ## - TARGET AUDIENCE NOTE | |
| Target audience note | Advanced |
| 651 #4 - SUBJECT ADDED ENTRY--GEOGRAPHIC NAME | |
| Geographic name | Scotland |
| Chronological subdivision | 1999- |
| 690 ## - LOCAL SUBJECT ADDED ENTRY--TOPICAL TERM (OCLC, RLIN) | |
| Topical term or geographic name as entry element | PROPERTY-RURAL AND NATURAL ASSETS |
| 856 40 - ELECTRONIC LOCATION AND ACCESS | |
| Uniform Resource Identifier | <a href="https://www.scotland.gov.uk/Publications/2003/03/16923/21164">https://www.scotland.gov.uk/Publications/2003/03/16923/21164</a> |
| Public note | View the report free of charge at www.scotland.gov.uk... |
| 942 ## - ADDED ENTRY ELEMENTS (KOHA) | |
| Suppress in OPAC | 0 |
| Withdrawn status | Lost status | Source of classification or shelving scheme | Damaged status | Not for loan | Home library | Current library | Shelving location | Date acquired | Total Checkouts | Full call number | Barcode | Date last seen | Copy number | Price effective from | Koha item type |
|---|---|---|---|---|---|---|---|---|---|---|---|---|---|---|---|
| Dewey Decimal Classification | Virtual | Virtual | Online | 19/05/2009 | ONLINE PUBLICATION | 147504-2001 | 06/08/2019 | 1 | 06/08/2019 | Book |